书目信息 |
| 题名: |
图说园林
|
|
| 作者: | 王其钧 著 | |
| 分册: | ||
| 出版信息: | 北京 中国建筑工业出版社 2011 |
|
| 页数: | 290页 | |
| 开本: | 29cm | |
| 丛书名: | ||
| 单 册: | ||
| 中图分类: | K928.73-64 | |
| 科图分类: | ||
| 主题词: | 古典园林--中国--图集 | |
| 电子资源: | ||
| ISBN: | 978-7-112-09396-0 | |
| 000 | 00792nam0 2200241 450 | |
| 001 | 0100004328 | |
| 005 | 20191106092213.59 | |
| 010 | @a978-7-112-09396-0@dCNY138.00 | |
| 100 | @a20110917d2011 em y0chiy50 ea | |
| 101 | 0 | @achi |
| 102 | @aCN@b110000 | |
| 105 | @aa z 000yy | |
| 200 | 1 | @a图说园林@f王其钧著@Atu shuo yuan lin |
| 210 | @a北京@c中国建筑工业出版社@d2011 | |
| 215 | @a290页@d29cm | |
| 312 | @a封底英文题名:Picture book of Chinese gardens | |
| 330 | @a本书形象而深入地了解中国园林的历史、特征、要素、组合规律及建筑的主要特点。 | |
| 510 | 1 | @aPicture book of Chinese gardens@zeng |
| 606 | 0 | @a古典园林@y中国@j图集 |
| 690 | @aK928.73-64@v4 | |
| 701 | 0 | @c(加)@a王其钧@f(1954~)@4著@Awang qi jun |
| 801 | 0 | @aCN@c20160515 |
| 905 | @a河南城建学院图书馆@dK928.73-64@eW312 | |
| 图说园林/王其钧著.-北京:中国建筑工业出版社,2011 |
| 290页;29cm |
| ISBN 978-7-112-09396-0:CNY138.00 |
| 本书形象而深入地了解中国园林的历史、特征、要素、组合规律及建筑的主要特点。 |
| ● |
| 相关链接 |
|
|
|
正题名:图说园林
索取号:K928.73-64/W312
 
预约/预借
| 序号 | 登录号 | 条形码 | 馆藏地/架位号 | 状态 | 备注 |
| 1 | 1284858 | 212848588 | 社科库309/309社科库 19排1列5层/ [索取号:K928.73-64/W312] | 在馆 | |
| 2 | 1306731 | 213067312 | 自科二线404/400A自科库 5排1列1层/ [索取号:K928.73-64/W312] | 在馆 | |
| 3 | 1306732 | 213067321 | 社科库309/309社科库 19排1列5层/ [索取号:K928.73-64/W312] | 在馆 | |
| 4 | 1306733 | 213067330 | 自科二线404/400A自科库 5排1列1层/ [索取号:K928.73-64/W312] | 在馆 | |
| 5 | 1306734 | 213067349 | 自科二线404/400A自科库 5排1列1层/ [索取号:K928.73-64/W312] | 在馆 | |
| 6 | 1306735 | 213067358 | 自科二线404/400A自科库 5排1列1层/ [索取号:K928.73-64/W312] | 在馆 |